|
|
|
|
| LEADER |
00000cam a2200000 c 4500 |
| 001 |
1645572323 |
| 003 |
DE-627 |
| 005 |
20220227125853.0 |
| 007 |
tu |
| 008 |
190130s2001 ci ||||| 00| ||hrv c |
| 020 |
|
|
|a 9536597209
|c Broschur
|9 953-6597-20-9
|
| 035 |
|
|
|a (DE-627)1645572323
|
| 035 |
|
|
|a (DE-576)516753207
|
| 035 |
|
|
|a (DE-599)BSZ516753207
|
| 040 |
|
|
|a DE-627
|b ger
|c DE-627
|e rda
|
| 041 |
|
|
|a hrv
|
| 044 |
|
|
|c XA-HR
|
| 245 |
0 |
0 |
|a Žene i kazna zatvora
|c uredile Velinka Grozdanić, Alenka Šelih
|
| 264 |
|
1 |
|a Rijeka
|b Pravni fakultet Sveučilišta u Rijeci
|c 2001
|
| 300 |
|
|
|a VI, 218 Seiten
|
| 336 |
|
|
|a Text
|b txt
|2 rdacontent
|
| 337 |
|
|
|a ohne Hilfsmittel zu benutzen
|b n
|2 rdamedia
|
| 338 |
|
|
|a Band
|b nc
|2 rdacarrier
|
| 490 |
0 |
|
|a Biblioteka Pravnog fakulteta Sveučilišta u Rijeci. Zbornici
|
| 583 |
1 |
|
|a Archivierung prüfen
|c 20200919
|f DE-640
|z 1
|2 pdager
|
| 700 |
1 |
|
|a Grozdanić, Velinka
|e HerausgeberIn
|4 edt
|
| 856 |
4 |
2 |
|u https://swbplus.bsz-bw.de/bsz1645572323inh.htm
|m V:DE-576;B:DE-Frei85
|q application/pdf
|v 20191216153131
|3 Inhaltsverzeichnis
|7 1
|
| 935 |
|
|
|a mkri
|
| 935 |
|
|
|h SWB
|i 4170rda
|
| 951 |
|
|
|a BO
|
| ELC |
|
|
|b 1
|
| LOK |
|
|
|0 000 xxxxxcx a22 zn 4500
|
| LOK |
|
|
|0 001 3314793162
|
| LOK |
|
|
|0 003 DE-627
|
| LOK |
|
|
|0 004 1645572323
|
| LOK |
|
|
|0 005 20191206145600
|
| LOK |
|
|
|0 008 190130||||||||||||||||ger|||||||
|
| LOK |
|
|
|0 040
|a DE-Frei85
|c DE-627
|d DE-Frei85
|
| LOK |
|
|
|0 852
|a DE-Frei85
|
| LOK |
|
|
|0 852 1
|m p
|9 00
|
| LOK |
|
|
|0 938
|k p
|
| LOK |
|
|
|0 939
|a 30-01-19
|b l01
|
| ORI |
|
|
|a SA-MARC-krimdoka001.raw
|